| 000 | 00625nam a2200121Ia 4500 | ||
|---|---|---|---|
| 008 | 171212s9999 xx 000 0 und d | ||
| 020 | _a9780823267101 | ||
| 245 |
_ceditor Badowska, Eva;Parmeggiani, Francesca _aOf Elephants and Toothaches _bEthics, Politics, and Religion in Krzysztof Kieslowski's 'Decalogue |
||
| 260 |
_bFordham University Press _c2016 |
||
| 650 | _aDekalog (Television program); Kieślowski, Krzysztof, 1941–1996 -- Criticism and interpretation; Television programs -- Poland -- Moral and ethical aspects; Religion on television | ||
| 650 | _aFilm Studies | ||
| 856 | _uhttp://jstor.org/stable/j.ctt1bmzp6t | ||
| 999 |
_c351481 _d351481 |
||